BSOP header

Climbing on track : (Record no. 48791)

MARC details
000 -LEADER
fixed length control field 00528cam a2200217 a 4500
001 - CONTROL NUMBER
control field 00011630
007 - PHYSICAL DESCRIPTION FIXED FIELD--GENERAL INFORMATION
fixed length control field 20191108
008 - FIXED-LENGTH DATA ELEMENTS--GENERAL INFORMATION
fixed length control field 970609s1954 uk 00 0 eng
035 ## - SYSTEM CONTROL NUMBER
System control number 0000015334
040 ## - CATALOGING SOURCE
Original cataloging agency CES
042 ## - AUTHENTICATION CODE
Authentication code nbic
100 10 - MAIN ENTRY--PERSONAL NAME
Personal name Thompson, Phyllis.
245 10 - TITLE STATEMENT
Title Climbing on track :
Remainder of title a biography of Fred Mitchell.
260 ## - PUBLICATION, DISTRIBUTION, ETC. (IMPRINT)
Place of publication, distribution, etc London:
Name of publisher, distributor, etc China Inland Mission,
Date of publication, distribution, etc [1954]
300 ## - PHYSICAL DESCRIPTION
Extent 147 p.;
336 ## - CONTENT TYPE
Content Type Term text
337 ## - MEDIA TYPE
Media Type Term unmediated
338 ## - CARRIER TYPE
Carrier Type Term volume
600 10 - SUBJECT ADDED ENTRY--PERSONAL NAME
Personal name Mitchell, Fred.
942 ## - ADDED ENTRY ELEMENTS (KOHA)
Source of classification or shelving scheme Library of Congress Classification
Item type Books
Holdings
Withdrawn status Lost status Source of classification or shelving scheme Damaged status Not for loan Home library Current library Shelving location Date acquired Inventory number Total Checkouts Full call number Barcode Date last seen Price effective from Koha item type Copy number
    Library of Congress Classification     BSOP Library BSOP Library GC 11/08/2019 66   BV3705 M69 00021272 11/08/2019 11/08/2019 Books  
    Library of Congress Classification     BSOP Library BSOP Library GC 11/08/2019 5268   BV3705 M69 c.2 00021271 11/08/2019 11/08/2019 Books c.2
BSOP

Biblical Seminary of the Philippines
  All rights Reserved
  © 2024

CONTACT INFORMATION

Biblical Seminary of the Philippines,
  77-B Karuhatan Road, Valenzuela City,
  PHILIPPINES 1441
  Phone: +632 8292-6795 / 8292-6798
  Fax : +632 8292-6675
  Email: library@bsop.edu.ph